Estaciones del Transmetro (Barranquilla, Colombia) - Estadísticas

Estadísticas generales
  • Esta prueba ha sido intentada 29 veces
  • La puntuación promedio es 9 de 17
Estadísticas de respuestas
Estación % Correcto
Troncal Olaya Joe Arroyo
83%
Troncal Olaya Esthercita Forero
72%
Troncal Murillo La Ocho
72%
Troncal Murillo La Catorce
67%
Troncal Olaya La Catedral
61%
Troncal Murillo La Veintiuna
61%
Troncal Murillo Pedro Ramayá
61%
Troncal Murillo Buenos Aires
56%
Troncal Murillo Portal de Soledad
56%
Troncal Murillo Atlántico
44%
Troncal Murillo Chiquinquirá
44%
Troncal Murillo Pacho Galán
44%
Troncal Murillo La Arenosa
39%
Troncal Olaya Barrio Abajo
33%
Troncal Murillo Joaquín Barrios Polo - Estadio Metropolitano
33%
Troncal Olaya Alfredo Correa de Andréis
22%
Troncal Olaya Parque Cultural del Caribe
22%
No se encontraron pruebas coincidentes
Distribución de puntuación
Porcentaje de gente con cada puntuación
Porcentaje por número respondido
Historial de tus puntuaciones
No has intentado esta prueba.